LIBRARY & INFORMATION CENTRE, KCAET, TAVANUR

ONLINE PUBLIC ACCESS CATALOGUE (OPAC)

Mathematics for Secondary Technical Schools of Building / (Record no. 3310)

MARC details
000 -LEADER
fixed length control field 00413cam a2200157ua 4500
041 ## - LANGUAGE CODE
Language code of text/sound track or separate title eng
082 ## - DEWEY DECIMAL CLASSIFICATION NUMBER
Classification number 690
Item number ESL/MA
100 ## - MAIN ENTRY--AUTHOR NAME
Personal name Eslick, C A R .
245 ## - TITLE STATEMENT
Title Mathematics for Secondary Technical Schools of Building /
260 ## - PUBLICATION, DISTRIBUTION, ETC. (IMPRINT)
Place of publication :
Name of publisher English University Press ,
Year of publication 1956.
300 ## - PHYSICAL DESCRIPTION
Number of Pages 169 ; .
700 1# - ADDED ENTRY--PERSONAL NAME
Personal name Hatten, W .
942 ## - ADDED ENTRY ELEMENTS (KOHA)
Koha item type Books
Holdings
Withdrawn status Lost status Damaged status Home library Current library Date acquired Full call number Accession Number Koha item type
      KAUAET KAUAET 07/04/2012 690 3786 Books
free website counter